Complete idiot,s guide to word for windows 95 / (Record no. 133312)
[ view plain ]
| 000 -LEADER | |
|---|---|
| fixed length control field | 00703nam a22002417a 4500 |
| 005 - DATE AND TIME OF LATEST TRANSACTION | |
| control field | 20170124110207.0 |
| 010 ## - LIBRARY OF CONGRESS CONTROL NUMBER | |
| LC control number | A-817218 |
| 020 ## - INTERNATIONAL STANDARD BOOK NUMBER | |
| Terms of availability | 150.00 |
| International Standard Book Number | 8120310586 |
| 035 ## - SYSTEM CONTROL NUMBER | |
| System control number | A-817218 |
| 037 ## - SOURCE OF ACQUISITION | |
| Source of stock number/acquisition | Cen Lib/Ret |
| 040 ## - CATALOGING SOURCE | |
| Original cataloging agency | DPL |
| Language of cataloging | EN |
| 082 ## - DEWEY DECIMAL CLASSIFICATION NUMBER | |
| Classification number | 001.64 |
| Item number | BOB |
| 100 ## - MAIN ENTRY--PERSONAL NAME | |
| Personal name | Bobola, Dan |
| 9 (RLIN) | 37560 |
| 245 ## - TITLE STATEMENT | |
| Title | Complete idiot,s guide to word for windows 95 / |
| Statement of responsibility, etc | by Dan Bobola |
| 260 ## - PUBLICATION, DISTRIBUTION, ETC. (IMPRINT) | |
| Place of publication, distribution, etc | New Delhi |
| Name of publisher, distributor, etc | Prentice Hall |
| Date of publication, distribution, etc | 1996 |
| 270 ## - ADDRESS | |
| Address | M-97, Connaught Circus |
| City | New Delhi |
| Postal code | 110001 |
| 300 ## - PHYSICAL DESCRIPTION | |
| Extent | xxiv,350p. : |
| Dimensions | 23cm(Hb) |
| Other physical details | ill. |
| 500 ## - GENERAL NOTE | |
| General note | Includes index |
| 650 ## - SUBJECT ADDED ENTRY--TOPICAL TERM | |
| Topical term or geographic name as entry element | Word processing |
| 9 (RLIN) | 37561 |
| 650 ## - SUBJECT ADDED ENTRY--TOPICAL TERM | |
| Topical term or geographic name as entry element | Microsoft Word |
| 9 (RLIN) | 36345 |
| 700 ## - ADDED ENTRY--PERSONAL NAME | |
| 9 (RLIN) | 6520 |
| 942 ## - ADDED ENTRY ELEMENTS (KOHA) | |
| Source of classification or shelving scheme | Dewey Decimal Classification |
| Koha item type | English Books |
| Classification part | 001.64 |
| Call number suffix | BOB |
| Withdrawn status | Lost status | Damaged status | Not for loan | Home library | Current library | Date acquired | Source of acquisition | Cost, normal purchase price | Total Checkouts | Full call number | Barcode | Date last seen | Copy number | Cost, replacement price | Price effective from | Koha item type | Public note |
|---|---|---|---|---|---|---|---|---|---|---|---|---|---|---|---|---|---|
| Written off | Central Library | Central Library | 25/07/2015 | Cen Lib/Ret | 150.00 | 001.64 BOB | A-817218 | 25/07/2015 | 1 | 150.00 | 25/07/2015 | English Books | W/d list no. 6808/25 |
